[Event "56.SMM Richter/Lask-SG Kaltern/Tramin"]
[Site "?"]
[Date "2025.01.11"]
[Round "5.6"]
[White "Kowalczyk, Martin"]
[Black "Thaler, Elmar"]
[Result "0-1"]
[WhiteElo "1825"]
[BlackElo "1869"]
[PlyCount "64"]
[EventDate "2025.??.??"]

{[%evp 0,64,41,25,89,75,75,47,37,37,37,42,58,48,38,14,6,2,5,-6,13,-7,-20,-18,-8,-65,167,-32,-56,-48,-21,-11,-34,-65,-59,-82,-69,-69,-66,-56,-50,-50,-46,-61,-63,-80,-80,-87,-78,-79,-95,-121,-59,-89,-38,-68,-33,-84,-49,-509,-516,-554,-557,-749,-779,-831,-834]} 1. e4 c6 2. d4 d5 3. Nc3 dxe4 4. Nxe4 Bf5 5. Ng3 Bg6 6. h4 h6 7. Nh3 Nf6 8. Nf4 Bh7 9. Bc4 e6 10. O-O Bd6 11. Re1 O-O 12. Ngh5 Nbd7 13. c3 Nxh5 14. Qxh5 Nf6 15. Qf3 Nd5 16. Bxd5 cxd5 17. Qg4 Bf5 18. Qh5 Qf6 19. g3 b5 20. a3 a5 21. Qe2 b4 22. axb4 axb4 23. Bd2 bxc3 24. bxc3 Rfb8 25. Kg2 Kh7 26. Nd3 Rxa1 27. Rxa1 Rb7 28. Ra6 Qg6 29. Nf4 Bxf4 30. Bxf4 Bd3 31. Qa2 Bxa6 32. Qxa6 Qe4+ 0-1

[Event "56.SMM Deutschnofen/Alp.-Klausen/Rk"]
[Site "?"]
[Date "2025.01.11"]
[Round "5.1"]
[White "Schacher, Gerd"]
[Black "Zamengo, Fulvio"]
[Result "0-1"]
[WhiteElo "2248"]
[BlackElo "2354"]
[PlyCount "67"]
[EventDate "2024.11.09"]

{[%evp 0,67,19,29,23,-13,16,1,9,18,42,37,21,31,31,5,13,16,11,9,14,18,5,-8,-10,9,34,15,40,28,21,17,10,10,13,17,2,-9,-9,7,0,0,6,0,0,2,-1,-1,6,6,-1,-287,-17,-18,-23,-29,-31,-28,-45,-48,-7,-43,-143,-151,-147,-1020,-1235,-29993,-29994,-29995]} 1. Nf3 Nf6 2. c4 b6 3. g3 Bb7 4. Bg2 g6 5. O-O Bg7 6. Nc3 O-O 7. Re1 Ne4 8. Nxe4 Bxe4 9. d3 Bb7 10. e4 c5 11. d4 cxd4 12. Nxd4 Nc6 13. Be3 a6 14. a4 Qc7 15. Rc1 d6 16. Nb5 axb5 17. cxb5 Bxb2 18. bxc6 Bxc6 19. Rc2 Ba3 20. Bh6 Bc5 21. Bxf8 Kxf8 22. e5 dxe5 23. Bxc6 Qxc6 24. Rxe5 Rxa4 25. Qc1 Kg7 26. Qb2 Qf6 27. Rd5 Bd4 28. Qb3 Ra1+ 29. Kg2 Qe6 30. Rd2 Qe4+ 31. Kh3 e5 32. Qc4 Rg1 33. R5xd4 Qg2+ 34. Kg4 0-1

[Event "56.SMM Deutschnofen/Alp.-Klausen/Rk"]
[Site "?"]
[Date "2025.01.11"]
[Round "5.2"]
[White "Spornberger, Maximilian"]
[Black "Seebacher, Michael"]
[Result "1/2-1/2"]
[WhiteElo "2289"]
[BlackElo "2116"]
[PlyCount "110"]
[EventDate "2024.11.09"]

{[%evp 0,110,29,38,22,35,49,61,93,93,75,82,79,57,118,108,100,92,98,102,100,100,100,101,76,63,73,49,109,106,94,98,90,85,95,93,99,80,90,94,82,114,104,100,106,98,97,98,117,98,109,98,142,100,124,108,89,82,82,35,128,26,41,40,68,29,68,34,30,13,93,99,79,53,102,133,133,137,137,151,155,153,141,138,142,155,156,147,139,101,101,106,106,106,106,106,158,145,174,176,196,199,196,126,127,132,140,171,137,168,162,162,166]} 1. e4 d5 2. exd5 Qxd5 3. Nc3 Qd8 4. d4 Nf6 5. Nf3 e6 6. Be2 c5 7. O-O a6 8. Bf4 Nc6 9. dxc5 Qxd1 10. Raxd1 Bxc5 11. Na4 Ba7 12. c4 Bd7 13. Bc7 Nd4 14. Nxd4 Bxa4 15. b3 Rc8 16. Be5 Bd7 17. Bf3 Bxd4 18. Rxd4 Bc6 19. Bxc6+ Rxc6 20. Bd6 Rc8 21. Rfd1 h5 22. h4 Rd8 23. f3 Rc8 24. Kf2 Rd8 25. a4 Rc8 26. a5 Nd7 27. R1d2 Nb8 28. R4d3 Nc6 29. b4 Rd8 30. Ra3 Ne5 31. Rc3 Nc6 32. f4 Rd7 33. Ra3 f6 34. b5 axb5 35. cxb5 Na7 36. a6 bxa6 37. bxa6 Kf7 38. Bb4 Rxd2+ 39. Bxd2 Ra8 40. Be3 Ke7 41. Rb3 Kd6 42. Rb7 Nc6 43. a7 g6 44. Rg7 Ne7 45. Bc5+ Kxc5 46. Rxe7 Kd5 47. Ke3 Rc8 48. Rd7+ Kc6 49. Rf7 Kd5 50. Rxf6 Rc3+ 51. Kf2 Ra3 52. Rf7 Ke4 53. Ke2 Ra2+ 54. Kd1 e5 55. fxe5 Kxe5 1/2-1/2

[Event "56.SMM Deutschnofen/Alp.-Klausen/Rk"]
[Site "?"]
[Date "2025.01.11"]
[Round "5.3"]
[White "Bodrov, Timofey"]
[Black "Dappiano, Andrea"]
[Result "0-1"]
[WhiteElo "2089"]
[BlackElo "2286"]
[PlyCount "114"]
[EventDate "2024.11.09"]

{[%evp 0,114,34,27,27,25,29,17,100,8,88,53,58,44,46,27,58,24,12,-5,8,-5,14,-32,-5,-51,-4,-29,-53,-53,-53,-67,-67,-81,-76,-90,-93,-96,-97,-105,-100,-110,-119,-131,-126,-135,-106,-108,-89,-97,-118,-99,-75,-75,-47,-94,35,-76,-17,-22,2,0,69,63,98,110,116,123,209,259,244,372,406,416,397,415,415,46,97,222,230,245,228,338,220,185,160,156,164,43,117,123,118,118,144,49,108,0,24,46,49,56,37,37,37,-114,-98,-104,-110,-746,-351,-713,-668,-717,-463,-1497,-1705]} 1. d4 e6 2. Nf3 Nf6 3. Bg5 c5 4. e3 b6 5. Bd3 Be7 6. Nbd2 Bb7 7. c3 d6 8. O-O Nbd7 9. Qe2 h6 10. Bh4 O-O 11. a4 a6 12. b4 Nd5 13. Bxe7 Qxe7 14. Rfc1 cxb4 15. cxb4 Nxb4 16. Rc7 Rab8 17. Rb1 Nxd3 18. Qxd3 Rfc8 19. Rxc8+ Rxc8 20. e4 Qd8 21. h4 Qc7 22. Qa3 Bc6 23. Rc1 Qb8 24. d5 exd5 25. Nd4 Nc5 26. Nf5 Qc7 27. Qg3 f6 28. Nxh6+ Kh7 29. Nf5 g6 30. exd5 Bxd5 31. Qf4 gxf5 32. Qxf5+ Kh8 33. Qxd5 Rg8 34. Ne4 Qe7 35. Qh5+ Kg7 36. Ng3 Kf8 37. Nf5 Qe5 38. Kf1 Qd5 39. Qh6+ Ke8 40. Re1+ Kd7 41. Qh7+ Kd8 42. Qe7+ Kc8 43. Nxd6+ Kb8 44. g3 Qh1+ 45. Ke2 Qd5 46. Rd1 Qh5+ 47. Ke1 Qf3 48. Ne8 Nd3+ 49. Rxd3 Qxd3 50. Qc7+ Ka8 51. Qc6+ Ka7 52. Nd6 Rg7 53. Nc8+ Kb8 54. Qxf6 Rc7 55. Qd6 Qb1+ 56. Ke2 Kxc8 57. Qxb6 Qxb6 0-1

[Event "56.SMM Deutschnofen/Alp.-Klausen/Rk"]
[Site "?"]
[Date "2025.01.11"]
[Round "5.4"]
[White "Lain, Luigi"]
[Black "Haller, Quentin"]
[Result "1-0"]
[WhiteElo "2239"]
[BlackElo "2050"]
[PlyCount "89"]
[EventDate "2024.11.09"]

{[%evp 0,89,29,29,25,-14,25,-18,0,0,27,-58,-31,-31,92,69,98,-69,107,-107,19,-80,1,43,69,69,93,95,90,81,35,41,38,45,59,31,153,144,184,170,197,184,216,219,219,199,301,271,347,288,288,271,358,358,417,380,380,351,448,395,421,434,452,443,431,444,434,318,335,332,332,258,296,302,308,317,339,345,456,364,423,378,374,398,388,360,469,506,578,613,696,1025]} 1. d4 d5 2. c4 dxc4 3. e4 e5 4. Nf3 exd4 5. Bxc4 Nc6 6. O-O Bg4 7. Qb3 Qd7 8. Ng5 O-O-O 9. Bxf7 Nh6 10. h3 Na5 11. Qd5 Qxd5 12. Bxd5 Be2 13. Re1 Bc4 14. Bxc4 Nxc4 15. b3 Ne5 16. Rd1 Nhf7 17. Ne6 Rd6 18. Nxf8 Rxf8 19. Ba3 Rfd8 20. Bxd6 Rxd6 21. f4 Nc6 22. Nd2 b5 23. Nf3 Rf6 24. g3 Rd6 25. Rd2 g5 26. e5 Rd8 27. e6 Nd6 28. Nxg5 Nf5 29. Kf2 h6 30. Nf3 Nb4 31. g4 Nd6 32. Rxd4 Nc2 33. Rad1 Nxd4 34. Rxd4 c5 35. e7 cxd4 36. exd8=Q+ Kxd8 37. Nxd4 Ne4+ 38. Ke3 Nc5 39. a3 Kd7 40. h4 a5 41. h5 Ke7 42. Nf5+ Kf6 43. Nxh6 a4 44. bxa4 bxa4 45. g5+ 1-0

[Event "56.SMM Deutschnofen/Alp.-Klausen/Rk"]
[Site "?"]
[Date "2025.01.11"]
[Round "5.5"]
[White "Seebacher, Reinhard"]
[Black "Micheli, Carlo"]
[Result "0-1"]
[WhiteElo "1951"]
[BlackElo "2143"]
[PlyCount "97"]
[EventDate "2024.11.09"]

{[%evp 0,97,29,33,80,75,76,74,75,42,56,47,39,63,28,-2,1,3,11,-16,7,-5,-9,-8,33,-2,7,7,24,24,18,10,11,-56,-24,-6,-17,-9,0,-24,-10,-70,-133,-128,-127,-122,-117,-117,-117,-124,-124,-124,-124,-142,-127,-119,-109,-144,-138,-158,-107,-165,-121,-165,-139,-133,-129,-169,-132,-245,-244,-266,-247,-261,-261,-358,-261,-261,-262,-335,-249,-243,-289,-466,-497,-514,-521,-520,-528,-514,-532,-538,-394,-549,-549,-578,-586,-589,-589,-601]} 1. e4 d6 2. d4 Nf6 3. Nc3 c6 4. f4 Qa5 5. Bd3 e5 6. Nf3 Bg4 7. Bd2 Nbd7 8. Nd5 Qd8 9. Nxf6+ Qxf6 10. dxe5 dxe5 11. f5 Bc5 12. Qe2 g6 13. h3 Bxf3 14. Qxf3 gxf5 15. exf5 O-O-O 16. Be4 Bb6 17. O-O-O Nc5 18. Bc3 h5 19. Rxd8+ Rxd8 20. Rd1 Qg5+ 21. Bd2 Rxd2 22. Rxd2 Nxe4 23. Qxe4 Be3 24. Qd3 Bxd2+ 25. Qxd2 Qxf5 26. Qe2 Qf4+ 27. Kd1 h4 28. c3 Kc7 29. Kc2 b5 30. b3 Kb6 31. Kb2 a5 32. Qd1 Kc7 33. Qh5 b4 34. c4 Qf2+ 35. Kc1 Qf1+ 36. Kd2 Qxg2+ 37. Kd3 Qg3+ 38. Ke2 Qf4 39. Qh8 Kb7 40. Qd8 Qe4+ 41. Kf1 Qb1+ 42. Ke2 Qxa2+ 43. Ke1 Qa1+ 44. Ke2 Qb2+ 45. Ke1 Qxb3 46. Qd7+ Kb6 47. Qxf7 Qe3+ 48. Kd1 Qd4+ 49. Ke1 0-1

[Event "56.SMM Deutschnofen/Alp.-Klausen/Rk"]
[Site "?"]
[Date "2025.01.11"]
[Round "5.6"]
[White "Welsch, Ulrich"]
[Black "Schrott, Johann"]
[Result "1/2-1/2"]
[WhiteElo "1855"]
[BlackElo "1860"]
[PlyCount "107"]
[EventDate "2024.11.09"]

{[%evp 0,107,35,27,29,30,20,3,21,17,11,0,41,43,39,39,63,68,64,49,40,54,57,6,61,38,44,17,26,-32,-20,-26,-15,-44,-53,-62,-34,-66,-55,-86,-33,-22,-19,-19,-17,-114,-129,-174,-78,-62,-24,-24,10,-47,10,-28,29,29,37,38,43,-302,-241,-244,-258,-252,-148,-181,-127,-146,-121,-154,-141,-154,-131,-147,-154,-154,-122,-122,-140,-144,-122,-109,-41,-70,-77,-70,-70,-77,-60,-48,-52,-95,-55,-66,-62,-50,1,-67,-39,-77,-21,-82,-13,-13,0,-91,-91,-102]} 1. d4 Nf6 2. Nf3 d5 3. g3 g6 4. Bg2 Bg7 5. c4 e6 6. Nc3 O-O 7. O-O b6 8. Bg5 h6 9. Bxf6 Bxf6 10. Qd2 Bg7 11. Rac1 Bb7 12. Ne5 c6 13. Rfd1 Nd7 14. Ng4 h5 15. Ne3 Bh6 16. cxd5 exd5 17. Qd3 Qe7 18. f4 Rfe8 19. Nf1 a5 20. e4 dxe4 21. Nxe4 Bg7 22. Re1 Qb4 23. Red1 Re6 24. f5 gxf5 25. Ng5 Rd6 26. Qxf5 Nf6 27. d5 Bc8 28. Qe5 Bg4 29. a3 Nxd5 30. Qe1 Qxe1 31. Rxe1 Bxb2 32. Rxc6 Rad8 33. Rxd6 Rxd6 34. h3 Be6 35. Rd1 Bxa3 36. Ne4 Rd8 37. Nf6+ Nxf6 38. Rxd8+ Kg7 39. Ra8 Bc5+ 40. Kh2 Bd7 41. Nd2 Be6 42. Ra6 Be3 43. Nf1 Bc5 44. Nd2 Bf2 45. Bf1 Nd5 46. Be2 Nb4 47. Ra7 h4 48. gxh4 Bxh4 49. Ne4 Kg6 50. Ng3 Bf6 51. Bf3 Bd5 52. Kg2 Be5 53. Ne4 Nd3 54. Kf1 1/2-1/2

[Event "56.SMM B Richter/Lask 2-ASD Arci BZ 3"]
[Site "?"]
[Date "2025.01.11"]
[Round "5.2"]
[White "Di Lazzaro, Gabriele"]
[Black "Addante, Francesco"]
[Result "0-1"]
[WhiteElo "1888"]
[BlackElo "1805"]
[PlyCount "28"]
[EventDate "2025.??.??"]

{[%evp 0,28,27,29,29,49,75,34,30,-45,-44,-56,-59,-56,-51,-47,-47,-87,-71,-131,-112,-154,-139,-143,-130,-142,-147,-138,-136,-288,-317]} 1. e4 d5 2. exd5 Qxd5 3. d4 Nc6 4. c3 e5 5. dxe5 Qxd1+ 6. Kxd1 Nxe5 7. Bf4 Bd6 8. Bb5+ c6 9. Be2 Bf5 10. Bxe5 Bxe5 11. Nf3 O-O-O+ 12. Ke1 Bf4 13. Nbd2 Nf6 14. Nd4 Bxd2+ 0-1

[Event "56.SMM B Richter/Lask 2-ASD Arci BZ 3"]
[Site "?"]
[Date "2025.01.11"]
[Round "5.3"]
[White "Terletskyi, Oleh Mycola"]
[Black "Mumelter, Igor"]
[Result "1/2-1/2"]
[WhiteElo "1730"]
[BlackElo "1847"]
[PlyCount "32"]
[EventDate "2025.??.??"]

{[%evp 0,32,29,16,73,70,65,55,71,61,43,9,30,-33,-33,-9,1,-19,42,33,86,49,40,46,48,49,49,3,3,-36,-36,-48,-54,-63,0]} 1. e4 c6 2. d4 d5 3. e5 c5 4. c3 Nc6 5. Be3 Nh6 6. Bd3 Nf5 7. Nf3 cxd4 8. cxd4 e6 9. Nc3 a6 10. O-O Be7 11. a3 g6 12. Bxf5 gxf5 13. h4 Bxh4 14. Nxh4 Qxh4 15. Qd2 Rg8 16. b4 Rxg2+ 1/2-1/2

[Event "56.SMM B Sparkasse Team-ASD Arci BZ 2"]
[Site "?"]
[Date "2025.01.11"]
[Round "5.4"]
[White "Ratschiller, Manuel"]
[Black "De Nisi, Roberta"]
[Result "1-0"]
[WhiteElo "1713"]
[BlackElo "1842"]
[PlyCount "51"]
[EventDate "2025.??.??"]
[SourceVersionDate "2025.01.13"]

{[%evp 0,51,19,31,72,45,19,-9,27,8,27,33,33,12,39,10,10,14,23,-54,27,3,30,-12,40,54,59,60,48,-11,22,-29,34,-23,-2,0,0,-36,4,21,92,69,125,270,268,268,452,431,452,29996,29997,29998,29999,-30000]} 1. e4 c5 2. d4 cxd4 3. c3 dxc3 4. Nxc3 Nc6 5. Nf3 e6 6. Bc4 Bc5 7. Bf4 a6 8. O-O Nge7 9. Qe2 Nd4 10. Nxd4 Bxd4 11. Rfd1 Bxc3 12. bxc3 b5 13. Bb3 Bb7 14. Rd2 O-O 15. Rad1 Bc6 16. Bg5 Re8 17. Rd6 Qc7 18. Qg4 Ng6 19. h4 Kh8 20. h5 Ne7 21. h6 Ng6 22. hxg7+ Kxg7 23. Qh5 Bd5 24. Qh6+ Kg8 25. Bf6 Qxd6 26. Qg7# 1-0

[Event "56.SMM B Sparkasse Team-ASD Arci BZ 2"]
[Site "?"]
[Date "2025.01.11"]
[Round "5.5"]
[White "D'Ambrosio, Luca"]
[Black "Hofer, Werner"]
[Result "1/2-1/2"]
[WhiteElo "1876"]
[BlackElo "1705"]
[PlyCount "40"]
[EventDate "2025.??.??"]
[SourceVersionDate "2025.01.13"]

{[%evp 0,40,36,19,56,70,67,76,62,62,45,35,53,27,42,10,9,-2,-2,-2,11,6,3,-18,-17,-22,-9,-15,-2,-66,-19,-30,-11,-14,0,-1,-10,-31,-9,-11,-6,-28,-18]} 1. d4 f5 2. Nc3 Nf6 3. Bg5 e6 4. e4 fxe4 5. Nxe4 Be7 6. Nxf6+ Bxf6 7. Qh5+ g6 8. Bxf6 Qxf6 9. Qe5 O-O 10. Qxf6 Rxf6 11. f3 Nc6 12. O-O-O Nb4 13. Bc4 b5 14. a3 bxc4 15. axb4 a5 16. bxa5 Rxa5 17. Ne2 Bb7 18. Kd2 Rg5 19. Rhg1 Rb5 20. Rb1 e5 1/2-1/2

[Event "56.SMM B SC Taufers-Steinegg Rk"]
[Site "Sand in Taufers "]
[Date "2025.01.11"]
[Round "5.1"]
[White "Engl, Stefan"]
[Black "Holzer, Philipp"]
[Result "1/2-1/2"]
[WhiteElo "2004"]
[BlackElo "1905"]
[PlyCount "48"]
[EventDate "2025.??.??"]

{[%evp 0,48,28,34,37,25,36,-9,-10,-22,-26,-25,-25,-25,-25,-20,-10,-19,-15,-15,-15,-28,-28,-42,-42,-40,-9,-68,-68,-68,-68,-25,-20,-21,-42,-42,46,13,43,44,39,54,81,-8,80,103,88,90,95,-24,-24]} 1. e4 e5 2. Nf3 Nc6 3. d4 exd4 4. Bc4 Nf6 5. e5 d5 6. Bb5 Ne4 7. Nxd4 Bd7 8. Bxc6 bxc6 9. O-O Bc5 10. f3 Ng5 11. f4 Ne4 12. Be3 Qb8 13. Nc3 Qxb2 14. Nxe4 dxe4 15. Qd2 Rd8 16. Rfb1 Qa3 17. Rb3 Qa4 18. Qc3 Be7 19. Rb7 O-O 20. Nb3 Be6 21. Rxa7 Qb4 22. Qxc6 Rd7 23. a3 Qb8 24. Rb7 Qd8 1/2-1/2

[Event "56.SMM B SC Taufers-Steinegg Rk"]
[Site "?"]
[Date "2025.01.11"]
[Round "5.3"]
[White "Engl, Alexander"]
[Black "Niederkofler, Andreas"]
[Result "0-1"]
[WhiteElo "1906"]
[BlackElo "1893"]
[PlyCount "122"]
[EventDate "2025.??.??"]

{[%evp 0,122,36,-25,-14,-33,9,-28,-28,-28,-25,-28,-13,-20,3,3,-3,6,26,43,43,35,57,34,45,15,28,28,22,22,22,28,32,28,91,80,94,73,97,97,97,94,94,94,91,73,162,162,164,164,159,159,148,148,153,-124,-113,-193,-191,-289,-295,-295,-293,-325,-325,-327,-327,-319,-323,-323,-335,-374,-344,-425,-425,-425,-425,-418,-402,-384,-322,-356,-376,-401,-401,-431,-370,-419,-410,-449,-412,-416,-389,-464,-334,-355,-371,-380,-386,-394,-344,-419,-362,-463,-481,-512,-519,-528,-478,-539,-507,-530,-525,-530,-585,-636,-606,-1172,-1484,-29993,-1536,-29983,-29984,-29985,-29986]} 1. f4 d5 2. Nf3 c5 3. g3 Nf6 4. Bg2 Nc6 5. O-O g6 6. d3 Bg7 7. Nc3 O-O 8. e4 dxe4 9. dxe4 Qxd1 10. Rxd1 Nb4 11. Rd2 Ng4 12. a3 Bxc3 13. bxc3 Nc6 14. Rd1 Be6 15. h3 Nf6 16. Ng5 Bc4 17. e5 Nh5 18. Ne4 Rad8 19. Be3 b6 20. g4 Ng7 21. Nxc5 Na5 22. Nd7 Rfe8 23. Nxb6 Rxd1+ 24. Rxd1 axb6 25. Bxb6 Be2 26. Re1 Nc4 27. Bc5 Ne6 28. Bf2 Nxf4 29. Bg3 Nxg2 30. Rxe2 Nge3 31. Bf2 Nd5 32. Bc5 Nxc3 33. Re1 e6 34. Bb4 Nd5 35. Bc5 Ra8 36. Ra1 Nxe5 37. a4 Rc8 38. Bd6 Nc4 39. Bg3 Rc6 40. Be1 Nce3 41. a5 Nxc2 42. Rc1 Ncb4 43. Rb1 Na6 44. Bf2 Kf8 45. Bd4 Nf4 46. Bf6 Rc1+ 47. Rxc1 Ne2+ 48. Kf2 Nxc1 49. Ke3 Ke8 50. Kf4 Nb3 51. Bg7 Nxa5 52. Kg5 Nc5 53. Kh6 Ne4 54. Bd4 Nc6 55. Be3 f6 56. Kxh7 Kf7 57. h4 Ne5 58. h5 g5 59. h6 Nxg4 60. Bd4 f5 61. Bb2 f4 0-1

[Event "56.SMM B SSV Naturns-Ridnaun/Sterzing"]
[Site "?"]
[Date "2025.01.11"]
[Round "5.1"]
[White "Aigner, Helmut"]
[Black "Unterthurner, Hans"]
[Result "1/2-1/2"]
[WhiteElo "1912"]
[BlackElo "1954"]
[PlyCount "49"]
[EventDate "2025.??.??"]

{[%evp 0,49,26,27,50,31,33,23,24,43,7,7,19,17,39,38,27,33,27,31,35,46,48,48,51,37,46,48,52,48,49,55,69,57,73,73,73,70,83,101,96,58,61,58,115,50,84,35,32,29,30,-5]} 1. e4 e6 2. d4 d5 3. Nc3 Bb4 4. Nge2 dxe4 5. a3 Be7 6. Nxe4 Nd7 7. N2g3 Ngf6 8. Bd3 O-O 9. O-O Nxe4 10. Nxe4 Nf6 11. c3 Bd7 12. Bf4 Bc6 13. Qe2 Rc8 14. Rad1 Qd5 15. f3 Rfe8 16. Rfe1 Ba4 17. Rd2 h6 18. Nxf6+ Bxf6 19. Be4 Qb3 20. Bc2 Qb5 21. Bd3 Qb6 22. Kh1 Rcd8 23. Be4 Bc6 24. Bxc6 Qxc6 25. Qe4 1/2-1/2

[Event "56.SMM B SSV Naturns-Ridnaun/Sterzing"]
[Site "?"]
[Date "2025.01.11"]
[Round "5.2"]
[White "Gurschler, Gregor"]
[Black "Pierini, Edoardo"]
[Result "1/2-1/2"]
[WhiteElo "1833"]
[BlackElo "1899"]
[PlyCount "49"]
[EventDate "2025.??.??"]

{[%evp 0,49,35,37,28,34,38,9,43,-4,-2,-12,6,-10,-6,-3,4,-9,0,-9,-6,-9,28,-10,-10,17,30,25,29,34,30,40,30,50,14,14,51,64,99,18,3,28,9,7,16,19,32,30,21,21,27,18]} 1. d4 d5 2. Nf3 Nf6 3. e3 c5 4. b3 Nc6 5. Bb2 Bg4 6. Be2 e6 7. O-O Bd6 8. dxc5 Bxc5 9. Nbd2 O-O 10. c4 Bb6 11. Ne5 Bxe2 12. Qxe2 Bc7 13. Ndf3 Nxe5 14. Nxe5 Rc8 15. Rfd1 Qe7 16. cxd5 Nxd5 17. Rac1 Qg5 18. Nf3 Qh5 19. g3 Bb6 20. Bd4 Bxd4 21. Nxd4 Qxe2 22. Nxe2 g6 23. e4 Nf6 24. f3 Rfd8 25. Rxc8 1/2-1/2

[Event "56.SMM B Deutschnofen/A. 2-Klausen/Rk 2"]
[Site "?"]
[Date "2025.01.11"]
[Round "5.2"]
[White "Hofer, Alois"]
[Black "Kircher, Kevin"]
[Result "1/2-1/2"]
[WhiteElo "1804"]
[BlackElo "1657"]
[PlyCount "38"]
[EventDate "2024.11.09"]

{[%evp 0,38,19,-12,-27,-33,-33,-32,-17,-53,-23,-27,-5,-34,-9,-20,175,-20,178,-13,219,-33,-14,-10,-16,2,28,26,11,-14,-13,-3,9,12,19,24,11,2,34,33,52]} 1. c4 e5 2. Nc3 Nc6 3. g3 Bc5 4. Bg2 d6 5. e3 Nf6 6. Nge2 O-O 7. O-O Be6 8. d3 Qd7 9. a3 a6 10. b3 Bh3 11. d4 Bxg2 12. Kxg2 exd4 13. exd4 Ba7 14. h3 h6 15. Be3 d5 16. c5 Ne7 17. Re1 c6 18. Bf4 Bb8 19. Na4 Nc8 1/2-1/2

[Event "56.SMM B Deutschnofen/A. 2-Klausen/Rk 2"]
[Site "?"]
[Date "2025.01.11"]
[Round "5.4"]
[White "Pichler, Hubertus"]
[Black "Senn, Stefan"]
[Result "1/2-1/2"]
[WhiteElo "1718"]
[BlackElo "1640"]
[PlyCount "52"]
[EventDate "2024.11.09"]

{[%evp 0,52,15,25,63,31,56,63,57,40,30,46,39,39,39,37,34,26,24,9,26,21,38,43,38,35,36,33,55,36,50,40,45,41,38,43,58,29,27,38,71,51,44,28,55,59,60,65,422,73,78,85,86,77,95]} 1. d4 c6 2. Bf4 d5 3. Nf3 Nf6 4. h3 e6 5. e3 Bd6 6. Bxd6 Qxd6 7. a3 O-O 8. c4 b6 9. Nc3 Nbd7 10. Be2 e5 11. dxe5 Nxe5 12. cxd5 cxd5 13. O-O Rd8 14. Qc2 Bb7 15. Rfd1 Rac8 16. Qf5 Nxf3+ 17. Bxf3 Qe6 18. Qg5 h6 19. Qf4 g5 20. Qa4 a5 21. Rd4 Rc5 22. Rad1 Rdc8 23. Qb3 Ne4 24. Nxe4 dxe4 25. Qxe6 fxe6 26. Bg4 Bd5 1/2-1/2